000 00855cam a22002897a 4500
003 CHAP
005 20220329142427.0
008 010119d mx r 00110 spa d
010 _a83289
011 _a84261
035 _a94780
040 _cCHAP
090 _aFolleto 15509
100 0 0 _aOntañón Moreno, Víctor.
_983328
245 1 0 _aFitoterapia versus vibrio cholera
_c/por Víctor Ontañón Moreno
260 _aChapingo , Méx. :
_bEl autor.
_c199?.
300 _a9 h.
590 _aBATCH-UPD
_b10
_c20130110
_lUCH01
_h1136
590 _aBATCH-UPD
_b10
_c20130410
_lUCH01
_h0723
590 _aBATCH-UPD
_b10
_c20130914
_lUCH01
_h0742
590 _aCONVERSION
_b10
_c20130109
_lUCH01
_h1346
650 1 4 _aBotánica médica.
_914680
901 _aBK
905 _aMayto Villalobos S.
942 _cFOLL
949 _bBC
_cFOLL
_d947801
_eTS1
_i94780
_st
999 _c83289
_d83289